000 00885nam a22002417a 4500
999 _c687
_d687
003 AR-CdUCM
008 190225b ||||| |||| 00| 0 spa d
040 _aMUNICIPALIDAD PROVINCIAL DEL CUSCO
_cBIBLIOTECA MUNICIPAL DEL CUSCO
082 _a869.56 /
_bR47
100 _aRey de Castro, Luis
_92653
245 _aEl tunel y otros cuentos premiados /
260 _aLima :
_bMinerva,
_c1973.
300 _a101 páginas ;
_c18 cm.
500 _aCuentistas premiados en el concurso de la feria del ibro Ricardo Palma. Ediciones de la feria del libro Ricardo Palma.
505 _aContenido: El tunel -- 42 -- Una rosa blanca -- Viaje a Frania.
650 _aCuentos peruanos
_97
650 _aConcurso Ricardo Palma
_92654
650 _aCamara peruana de libro
_92655
700 _aCerna Guardia, Rosa
_92656
700 _aBuendia, Felipe
_92657
942 _2ddc
_cLIBROS
945 _azta